Top 10 Countries with the Most Gold Reserves - Statistics

General Stats
  • This quiz has been taken 91 times
  • The average score is 7 of 10
Answer Stats
Reserves (tonnes) Country % Correct
2,000 China
99%
5,300 Russia
96%
3,000 United States
96%
9,800 Australia
89%
2,200 Canada
87%
2,400 Brazil
86%
6,000 South Africa
80%
2,500 Indonesia
65%
2,600 Peru
43%
1,800 Uzbekistan
8%
No matching quizzes found
Score Distribution
Percent of People with Each Score
Percentile by Number Answered
Your Score History
You have not taken this quiz